MARC

LEADER 00000nam0a2200000 4500
001 44275
005 20231031022033.0
010 |a 5854380013 
035 |a (RuTPU)RU\TPU\book\45909 
090 |a 44275 
100 |a 20021110d2000 km y0rusy50 ca 
101 0 |a rus 
102 |a RU 
105 |a y z 000zy 
200 1 |a Социальная политика в России: уроки 90-х  |f Е. Ш. Гонтмахер 
210 |a Москва  |c Гелиос АРВ  |d 2000 
215 |a 334 с. 
610 1 |a политика 
610 1 |a социология 
610 1 |a социальная политика 
610 1 |a Россия 
610 1 |a 20 век 
610 1 |a рынок 
610 1 |a реформы 
610 1 |a социальная сфера 
610 1 |a население 
610 1 |a доходы 
610 1 |a пенсионная реформа 
610 1 |a социальная стратификация 
610 1 |a социальная защита 
686 |a Ф3(2)3  |v LBC/SL-A  |2 rubbk 
686 |a С59(2)  |v LBC/SL-A  |2 rubbk 
700 1 |a Гонтмахер  |b Е. Ш.  |g Евгений Шлемович 
801 1 |a RU  |b 63413507  |c 20021110  |g PSBO 
801 2 |a RU  |b 63413507  |c 20131112  |g PSBO 
942 |c BK